Marx's concept of man / (Record no. 169483)

MARC details
000 -LEADER
fixed length control field 00553nam a22001817a 4500
005 - DATE AND TIME OF LATEST TRANSACTION
control field 20191121142744.0
010 ## - LCCN (DPL NO)
LC control number ENG-126961
020 ## - INTERNATIONAL STANDARD BOOK NUMBER
International Standard Book Number 9789383657520
Terms of availability 55.00
035 ## - SYSTEM CONTROL NUMBER
System control number EN-110493
037 ## - SOURCE OF ACQUISITION
Source of stock number/acquisition DBAD/PUB
082 ## - DEWEY DECIMAL CLASSIFICATION NUMBER
Classification number 128
100 ## - MAIN ENTRY--PERSONAL NAME
Personal name Fromm, Erich S
245 ## - TITLE STATEMENT
Title Marx's concept of man /
Statement of responsibility, etc by Erich S Fromm
260 ## - PUBLICATION, DISTRIBUTION, ETC. (IMPRINT)
Place of publication, distribution, etc New Delhi
Name of publisher, distributor, etc Critical Quest
Date of publication, distribution, etc 2019
270 ## - ADDRESS
Address 420, G/Block, Phase VI , Aya Nagar
City New Delhi
Postal code 110047
Telephone number 9910036543
Electronic mail address criticalquest@gmail.com
300 ## - PHYSICAL DESCRIPTION
Extent 72p.
Dimensions 21cm(pbk)
942 ## - ADDED ENTRY ELEMENTS (KOHA)
Source of classification or shelving scheme Dewey Decimal Classification
Item type English Books
Classification part 128
Call number suffix FRO
Holdings
Withdrawn status Lost status Not for loan Collection code Home library Current library Date acquired Source of acquisition Cost, normal purchase price Full call number Barcode Copy number Cost, replacement price Koha item type
      Non-fiction Ashok Vihar Ashok Vihar 21/11/2019 DBAD/PUB 55.00 128 FRO EN-110493 1 55.00 English Books

© Delhi Public Library
Hit Counter
free hit counter